00710nam a22002297a 45000010005000000030006000050050017000110080041000280200018000690400029000870500009001160820011001251000018001362450040001542600042001943000058002365050008002945200092003025210028003945210019004226500039004417440FISKH20250716092112.0250716b cb ||||| |||| 00| 0 eng d a9780478029253 aFISKHbengcFISKHdFISKH aPZ7  a428.62 aBuxton, Jane  aThe changing land /cby Jane Buxton aWellington : bLearning Media,c1996. a12 unnumbered pages : bcolor illustrations ; c19 cm aaa  aA simple discussion of different forces which can change the physical form of the land.8 a30 bLexile Estiamte 8 aaa bRaz-Plus  aNature vNon-fiction xRed Science